000 02167nas1a22004091i 4500
001 RU\NLR\INFOCOMM34\5000000652
005 20240902163308.0
011 _a2070-0970
035 _a(NLR Aleph) 003155587
090 _a3048860
_c3048860
100 _a20060124a20039999|||y0rusy50 ca
101 0 _arus
102 _aRU
110 _aafuzz 0|y|
200 1 _aНелинейный мир
_eНауч.-техн. и теорет. журн.
210 _aМ.
_cРадиотехника
_d2003 -
311 _aС 2008 на страницах журн. печатается журн. в журн.: Распределенные устройства и системы: теория и приложения
320 _aСписок статей, опубликованных в журнале "Нелинейный мир" за 2003-2004гг. (Т. 2, № 5/6 (2004)). - С. 384-386)
488 0 _12001#$aРаспределенные устройства и системы: теория и приложения
_tРаспределенные устройства и системы: теория и приложения
510 1 _aNonlinear world
_zeng
510 1 _aNelineinyi mir
_zint
801 2 _aRU
_bNLR
_c20081118
_2rusmarc
801 1 _aRU
_bInfoComm
_c20060124
801 0 _aRU
_bNLR
_gPSBO
852 _aNLR
_jП8/1612
942 _cJOURNAL
980 _aRUSPER